00510nam a2200181Ia 450000500170000000800410001702000150005808200230007310000140009624500200011026000390013030000180016965000110018765000100019894200060020895200990021499900150031320250325045707.0240331s9999 xx 000 0 und d a0708830625 a302.234bNOR21379 aNorman, B 4aThe Film Greats aLondon,bFutura Publicationsc1985 aviii, 252 p., aCinema aMedia cL 001040708LaWERCLbWERCLcSSCd2024-03-31l0o 302.234 NORp1379r2024-03-31w2024-03-31yL c1173d1173